000 00335nam a22001337a 4500
008 230602b xxu||||| |||| 00| 0 eng d
082 _a808.83
_bMUN
100 _cOngoro Wa' Munga
245 _aSunrise At Midnight
260 _aNairobi, Kenya
_bLonghorn Kenya Ltd
300 _a357p
440 _pThe Masterpiece Seies
942 _2ddc
_cBK
999 _c112
_d112